| 000 | 01022nac a22002651u 4500 | ||
|---|---|---|---|
| 020 | _a97804153356244 (hbk.) | ||
| 020 | _a0415356245 (hbk.) | ||
| 020 | _a9780415356251 (pbk.) | ||
| 020 | _a0415356253 (pbk.) | ||
| 020 | _a9780203002605 (e-book) | ||
| 020 | _a0203002601 (e-book) | ||
| 082 |
_a330.94 _bVIT |
||
| 090 |
_c1666 _d1666 |
||
| 100 | _a20080729 | ||
| 245 | 0 | 3 |
_aAn economic history of Europe : _bfrom expansion to development / _cedited by Antonio Di Vittorio. |
| 260 |
_aLondon : _bRoutledge,2006 _c2006. |
||
| 300 | _axvi, 376 p. | ||
| 500 | _adistributer: Baccah | ||
| 511 | _acatalogued by: wessam | ||
| 651 |
_aEurope _xEconomic conditions. |
||
| 700 | 1 | _aDi Vittorio, Antonio. | |
| 942 |
_cTB _k330.94VIT |
||
| 999 |
_c1666 _d1666 |
||